First love : (Record no. 405705)
[ view plain ]
| 000 -LEADER | |
|---|---|
| fixed length control field | 01483pam a2200349 i 4500 |
| 001 - CONTROL NUMBER | |
| control field | zcodcb b8696822 |
| 003 - CONTROL NUMBER IDENTIFIER | |
| control field | DLC |
| 005 - DATE AND TIME OF LATEST TRANSACTION | |
| control field | 20250318163654.0 |
| 007 - PHYSICAL DESCRIPTION FIXED FIELD--GENERAL INFORMATION | |
| fixed length control field | t| |
| 008 - FIXED-LENGTH DATA ELEMENTS--GENERAL INFORMATION | |
| fixed length control field | 241113s2025 mdu e b 001 0 eng |
| 010 ## - LIBRARY OF CONGRESS CONTROL NUMBER | |
| LC control number | 2024025471 |
| 020 ## - INTERNATIONAL STANDARD BOOK NUMBER | |
| International Standard Book Number | 9781538161685 |
| Qualifying information | cloth |
| 020 ## - INTERNATIONAL STANDARD BOOK NUMBER | |
| International Standard Book Number | 1538161680 |
| 040 ## - CATALOGING SOURCE | |
| Original cataloging agency | DLC |
| Language of cataloging | eng |
| Description conventions | rda |
| Transcribing agency | DLC |
| Modifying agency | DLC |
| -- | IMmBT |
| 042 ## - AUTHENTICATION CODE | |
| Authentication code | pcc |
| 092 ## - LOCALLY ASSIGNED DEWEY CALL NUMBER (OCLC) | |
| Classification number | general nonfiction |
| Item number | 302 Phillips, Lisa A. |
| 100 1# - MAIN ENTRY--PERSONAL NAME | |
| Personal name | Phillips, Lisa A., |
| Relator term | author. |
| Relator code | aut. |
| 9 (RLIN) | 6541021 |
| 245 10 - TITLE STATEMENT | |
| Title | First love : |
| Remainder of title | guiding teens through relationships and heartbreak / |
| Statement of responsibility, etc | Lisa A. Phillips. |
| 264 #1 - Production, Publication, Distribution, Manufacture, and Copyright Notice. | |
| Place of production, publication, distribution, manufacture | Lanham : |
| Name of producer, publisher, distributor, manufacturer | Rowman & Littlefield, |
| Date of production, publication, distribution, manufacture, or copyr | [2025] |
| 300 ## - PHYSICAL DESCRIPTION | |
| Extent | xxiv, 263 pages ; |
| Dimensions | 23 cm. |
| 336 ## - Content Type | |
| Content type term | text |
| 337 ## - Media type | |
| Media type term | unmediated |
| 338 ## - Carrier type | |
| Carrier type term | volume |
| 504 ## - BIBLIOGRAPHY, ETC. NOTE | |
| Bibliography, etc | Includes bibliographical references (pages 227-247) and index. |
| 520 ## - SUMMARY, ETC. | |
| Summary, etc | "First Love is about teens' experiences in the maelstrom of crushes, relationships, and breakups. It offers parents the information they need to navigate the complexities and challenges of their child's first love and guidance on how best to support them on their journey through all of love's stages"-- |
| 650 #0 - SUBJECT ADDED ENTRY--TOPICAL TERM | |
| Topical term or geographic name as entry element | Interpersonal relations. |
| 650 #0 - SUBJECT ADDED ENTRY--TOPICAL TERM | |
| Topical term or geographic name as entry element | Teenagers. |
| 650 #0 - SUBJECT ADDED ENTRY--TOPICAL TERM | |
| Topical term or geographic name as entry element | Love. |
| 650 #0 - SUBJECT ADDED ENTRY--TOPICAL TERM | |
| Topical term or geographic name as entry element | Parent and teenager. |
| 776 08 - ADDITIONAL PHYSICAL FORM ENTRY | |
| Display text | Online version: |
| Main entry heading | Phillips, Lisa A. |
| Title | First love |
| Place, publisher, and date of publication | Lanham : Rowman & Littlefield, [2025] |
| International Standard Book Number | 9781538161692 |
| Record control number | (DLC) 2024025472. |
| 942 ## - ADDED ENTRY ELEMENTS (KOHA) | |
| Source of classification or shelving scheme | Dewey Decimal Classification |
| Koha item type | BOOK |
| Withdrawn status | Lost status | Source of classification or shelving scheme | Damaged status | Not for loan | Collection code | Home library | Current library | Shelving location | Date acquired | Source of acquisition | Total Checkouts | Total Renewals | Full call number | Barcode | Date last seen | Date checked out | Cost, replacement price | Price effective from | Koha item type |
|---|---|---|---|---|---|---|---|---|---|---|---|---|---|---|---|---|---|---|---|
| Dewey Decimal Classification | General NonFiction | Wasatch County Library | Wasatch County Library | Second Floor | 03/18/2025 | Micromarketing | 2 | 3 | 302 Phillips | 34301002111898 | 03/03/2026 | 11/07/2025 | 26.95 | 03/18/2025 | BOOK |
